000 00506nam a2200157 a 4500
001 000031009
005 20200930062639.0
008 110609s2009 dr 000 0 spa d
040 _aDO-SdBNP
_bspa
_cBNPHU
082 _axxxx
_bI19
245 0 0 _aIdeas viales para Santiago /
_cFrancisco Domínguez Brito.
260 _aSantiago, República Dominicana :
_bOficina Senatorial de la Provincia de Santiago,
_c2009.
300 _a39 p. ;
_c22 cm.
700 1 _aDomínguez Brito, Francisco
_910323
049 _aBNPD
999 _c30501
_d30501